| 000 | 02219cam a22005294i 4500 | ||
|---|---|---|---|
| 003 | PE-LiUPU | ||
| 005 | 20250731165615.0 | ||
| 008 | 150616s r 000 0 d | ||
| 035 | _a(Sirsi) a5225 | ||
| 040 |
_aPE-LiUPU _bspa _cPE-LiUPU _erda |
||
| 049 | _aPRUA | ||
| 082 | 0 | 4 |
_b _221 |
| 100 | 1 |
_aRicciotti, Giuseppe, _eautor. |
|
| 245 | 1 | 0 | _aJuliano; el emperador apóstata. |
| 264 | 1 |
_aBarcelona : _bEdiciones ELER, _c1959. |
|
| 300 |
_a303 páginas ; _c24 cm. |
||
| 336 |
_atext _2rdacontent |
||
| 337 |
_aunmediated _2rdamedia |
||
| 338 |
_avolume _2rdacarrier |
||
| 504 | _aIncluye bibliografía. | ||
| 505 | 0 | _aLos primeros años -- El mundo moral de Juliano -- Vicisitudes tormentosas -- De Atenas a las Galias -- En las Galias -- La batalla de Estrasburgo -- En el norte de las Galias -- Juliano, administrador de las Galias -- La sedición -- De la paz a la guerra -- Juliano emperador -- Hostilidad anticristiana -- Reformas y escritos -- Reconstrucción del templo judío. Ley sobre los funerales -- La expedición contra Percia. | |
| 526 | _aSEG44 | ||
| 526 | _aSEG26 | ||
| 526 | _aP151 | ||
| 526 | _aP150 | ||
| 526 | _aP149 | ||
| 526 | _aP146 | ||
| 526 | _aP145 | ||
| 526 | _aP126 | ||
| 526 | _aP125 | ||
| 526 | _aP92 | ||
| 526 | _aP75 | ||
| 526 | _aP74 | ||
| 526 | _aP27 | ||
| 526 | _aP15 | ||
| 650 | 0 | 4 | _aJULIANO, FLAVIO CLAUDIO. |
| 910 |
_ajck _bjvq _cjck |
||
| 942 |
_2ddc _cBOOK |
||
| 949 |
_a922.4563 R53 _wDEWEY _c1 _i11247 _lCCODEBUL1 _mBUL _p00.00 _r0 _sY _tBOOK _u2015-04-23 _xBIBLIOTECA _zUNKNOWN _0COMPRA _o.STAFF. Colección General |
||
| 949 |
_a922.4563 R53 _wDEWEY _c2 _i09309 _lCCODEBUL1 _mBUL _p00.00 _r0 _sY _tBOOK _u2015-04-23 _xEDUCACION _PP20 _0COMPRA _o.STAFF. Colección General |
||
| 994 |
_aC0 _bPEPRU |
||
| 596 | _a1 | ||
| 999 |
_a922.4563 R53 _wDEWEY _c54861 _i11247 _d54861 _f2021-11-26 _g5 _lRCG _mBUL _q1 _r1 _sY _tBOOK _u2015-4-23 _xBIBLIOTECA _zUNKNOWN _0COMPRA _o.STAFF. Colección General |
||
| 999 |
_a922.4563 R53 _wDEWEY _c2 _i09309 _f2018-2-8 _g2 _lDISCARD _mBUL _r0 _sY _tBOOK _u2015-4-23 _xEDUCACION _PP20 _0COMPRA _o.STAFF. Colección General |
||
| 980 |
_81 _gALBERTO SANCHEZ Responsable de Automatización |
||